[Event "GER-chT U20"]
[Site "Braunschweig"]
[Date "2019.12.29"]
[Round "5.6"]
[White "Spaeth, Rene"]
[Black "Martin, Richard"]
[Result "1/2-1/2"]
[WhiteElo "1584"]
[BlackElo "1930"]
[PlyCount "128"]
[EventDate "2019.12.27"]
[EventType "team-swiss"]
[EventRounds "7"]
[EventCountry "GER"]
[SourceTitle "CBM 194 Extra"]
[Source "ChessBase"]
[SourceDate "2020.03.31"]
[SourceVersion "1"]
[SourceVersionDate "2020.03.31"]
[SourceQuality "1"]
[WhiteTeam "Biberach"]
[BlackTeam "Baden-Baden"]
[WhiteTeamCountry "GER"]
[BlackTeamCountry "GER"]

1. e4 c5 2. Nf3 d6 3. Bb5+ Bd7 4. Bxd7+ Qxd7 5. c4 Nf6 6. Nc3 Nc6 7. d4 cxd4 8. Nxd4 g6 9. f3 Bg7 10. Be3 0-0 11. 0-0 Rfc8 12. b3 a6 13. Qd3 Rab8 14. Rac1 Nxd4 15. Bxd4 b5 16. cxb5 axb5 17. Rfd1 Rc6 18. Rc2 b4 19. Ne2 Rxc2 20. Qxc2 Qb5 21. Qb2 Rc8 22. e5 dxe5 23. Bxe5 Qc5+ 24. Kh1 Ng4 25. fxg4 Bxe5 26. Qc1 Qxc1 27. Rxc1 Rd8 28. Ng1 Rd2 29. Nf3 Re2 30. Nxe5 Rxe5 31. h3 Re2 32. Rc4 Rxa2 33. Rxb4 Rb2 34. Rb7 Kf8 35. Kh2 Ke8 36. Kg3 Rc2 37. b4 Kd8 38. Rb8+ Kd7 39. b5 Rc8 40. Rb7+ Kd6 41. Rb6+ Kc7 42. Ra6 Kb7 43. Ra3 Kb6 44. Rb3 Rc5 45. Re3 e6 46. Rf3 Rc7 47. Rb3 g5 48. Kf3 Rc5 49. Ke4 f5+ 50. gxf5 exf5+ 51. Kd4 Rc2 52. Rg3 h6 53. h4 g4 54. Ke5 Rc5+ 55. Kf6 Rxb5 56. Kg6 h5 57. Rd3 Rb2 58. g3 Rf2 59. Kxh5 Rf3 60. Rd5 Kc6 61. Ra5 Kd6 62. Kg5 Ke6 63. h5 Rxg3 64. Rxf5 Rf3 1/2-1/2

[Event "GER-ch U25-A"]
[Site "Willingen"]
[Date "2019.06.12"]
[Round "6"]
[White "Dornieden, Jonas"]
[Black "Martin, Richard"]
[Result "1/2-1/2"]
[WhiteElo "1864"]
[BlackElo "1951"]
[PlyCount "54"]
[EventDate "2019.06.08"]
[EventType "swiss"]
[EventRounds "9"]
[EventCountry "GER"]
[SourceTitle "CBM 191 Extra"]
[Source "ChessBase"]
[SourceDate "2019.09.30"]
[SourceVersion "1"]
[SourceVersionDate "2019.09.30"]
[SourceQuality "1"]

1. d4 Nf6 2. c4 e6 3. Nf3 d5 4. Nc3 c6 5. e3 Nbd7 6. Bd3 dxc4 7. Bxc4 b5 8. Bd3 Bb7 9. a3 a6 10. 0-0 c5 11. dxc5 Bxf3 12. gxf3 Nxc5 13. Be2 Qc7 14. b4 Rd8 15. Qe1 Nb3 16. Rb1 Nxc1 17. Rxc1 Qe5 18. f4 Qf5 19. Bf3 Bd6 20. Ne2 g5 21. Ng3 Qg6 22. fxg5 Qxg5 23. Kh1 h5 24. Rg1 Qh4 25. Bc6+ Ke7 26. f4 Kf8 27. Ne4 Qxe1 1/2-1/2

[Event "GER-ch U25-A"]
[Site "Willingen"]
[Date "2019.06.11"]
[Round "4"]
[White "Klugstedt, Vincent C"]
[Black "Martin, Richard"]
[Result "1-0"]
[WhiteElo "1827"]
[BlackElo "1951"]
[PlyCount "45"]
[EventDate "2019.06.08"]
[EventType "swiss"]
[EventRounds "9"]
[EventCountry "GER"]
[SourceTitle "CBM 191 Extra"]
[Source "ChessBase"]
[SourceDate "2019.09.30"]
[SourceVersion "1"]
[SourceVersionDate "2019.09.30"]
[SourceQuality "1"]

1. d4 d5 2. c4 c6 3. cxd5 cxd5 4. Nf3 Nf6 5. Bf4 e6 6. e3 Bb4+ 7. Nc3 Qa5 8. Qb3 Ne4 9. Rc1 Bd7 10. a3 Bxc3+ 11. bxc3 Nc6 12. Bd3 Nd8 13. 0-0 Rc8 14. c4 dxc4 15. Rxc4 Rxc4 16. Qxc4 Nd2 17. Nxd2 Qxd2 18. Bd6 b5 19. Qxb5 f6 20. Qh5+ Nf7 21. Rb1 g6 22. Rb8+ Bc8 23. Qb5+ 1-0

[Event "GER-ch U25-A"]
[Site "Willingen"]
[Date "2019.06.09"]
[Round "2"]
[White "Martin, Richard"]
[Black "Brockmeyer, Tobias"]
[Result "0-1"]
[WhiteElo "1951"]
[BlackElo "1896"]
[PlyCount "56"]
[EventDate "2019.06.08"]
[EventType "swiss"]
[EventRounds "9"]
[EventCountry "GER"]
[SourceTitle "CBM 191 Extra"]
[Source "ChessBase"]
[SourceDate "2019.09.30"]
[SourceVersion "1"]
[SourceVersionDate "2019.09.30"]
[SourceQuality "1"]

1. e4 c5 2. c3 Nf6 3. e5 Nd5 4. Nf3 e6 5. d4 cxd4 6. cxd4 d6 7. Bc4 Be7 8. 0-0 0-0 9. Qe2 b6 10. Nc3 Nxc3 11. bxc3 Bb7 12. Bd3 dxe5 13. Nxe5 Nd7 14. Nxd7 Qxd7 15. f4 Rac8 16. Bd2 Bf6 17. a4 Rfd8 18. a5 Bxd4+ 19. cxd4 Qxd4+ 20. Be3 Qxd3 21. Qxd3 Rxd3 22. Bf2 bxa5 23. Bxa7 Rd5 24. Bb6 Ra8 25. Rfc1 Rb5 26. Bf2 a4 27. Rd1 Bd5 28. Rdc1 f6 0-1

[Event "GER-chT U20"]
[Site "Osnabrueck"]
[Date "2015.12.29"]
[Round "6.3"]
[White "Degenhard, Simon"]
[Black "Martin, Richard"]
[Result "0-1"]
[WhiteElo "1898"]
[BlackElo "1929"]
[PlyCount "96"]
[EventDate "2015.12.27"]
[EventType "team-swiss"]
[EventRounds "7"]
[EventCountry "GER"]
[SourceTitle "EXT 2017"]
[Source "ChessBase"]
[SourceDate "2016.10.25"]
[SourceVersion "1"]
[SourceVersionDate "2016.10.25"]
[SourceQuality "1"]
[WhiteTeam "Heilbronn"]
[BlackTeam "Baden-Baden"]
[WhiteTeamCountry "GER"]
[BlackTeamCountry "GER"]

1. e4 c5 2. Nf3 d6 3. d4 cxd4 4. Nxd4 Nf6 5. Nc3 a6 6. Be3 e5 7. Nb3 Be6 8. f3 Be7 9. Qd2 0-0 10. 0-0-0 Nbd7 11. g4 b5 12. g5 b4 13. Nd5 Nxd5 14. exd5 Bf5 15. h4 a5 16. Bd3 Bxd3 17. Qxd3 a4 18. Nd2 Qa5 19. h5 b3 20. Kb1 bxa2+ 21. Ka1 f5 22. gxf6 Bxf6 23. Ne4 Qa6 24. Qa3 Qe2 25. Qxd6 Qxf3 26. Qxd7 Qxe4 27. Qe6+ Kh8 28. h6 a3 29. hxg7+ Bxg7 30. Bd4 Qxc2 31. Rc1 Qxc1+ 32. Rxc1 exd4 33. Kxa2 axb2+ 34. Kxb2 d3+ 35. Kb3 Rfb8+ 36. Kc4 Rc8+ 37. Kxd3 Rxc1 38. d6 Rd8 39. Kd2 Rc6 40. Qf7 Rcxd6+ 41. Ke2 Rf6 42. Qh5 Rdf8 43. Qc5 Rf5 44. Qb6 h5 45. Qa7 Kh7 46. Qa4 Rf4 47. Qb5 R8f5 48. Qb3 Rf2+ 0-1

[Event "Bayern-chI Bank Hofmann 19th"]
[Site "Bad Wiessee"]
[Date "2015.10.31"]
[Round "1"]
[White "Martin, Richard"]
[Black "Pirrot, Dieter"]
[Result "0-1"]
[WhiteElo "1930"]
[BlackElo "2370"]
[PlyCount "88"]
[EventDate "2015.10.31"]
[EventType "swiss"]
[EventRounds "9"]
[EventCountry "GER"]
[SourceTitle "EXT 2017"]
[Source "ChessBase"]
[SourceDate "2016.10.25"]
[SourceVersion "1"]
[SourceVersionDate "2016.10.25"]
[SourceQuality "1"]

1. e4 d5 2. exd5 Nf6 3. Nc3 Nxd5 4. Nxd5 Qxd5 5. Qf3 Qa5 6. Bc4 e6 7. Qc3 Qf5 8. Nf3 Nc6 9. 0-0 Bd7 10. d4 0-0-0 11. Ne5 Bb4 12. Qd3 Nxe5 13. Qxf5 exf5 14. dxe5 Be6 15. Bxe6+ fxe6 16. Be3 Rd5 17. f4 Rhd8 18. c3 Be7 19. Kf2 Kd7 20. Rad1 Kc6 21. Rxd5 Kxd5 22. Kf3 Kc4 23. h3 a5 24. Ke2 a4 25. b3+ Kd5 26. Kd3 Ra8 27. c4+ Kc6 28. g4 g6 29. gxf5 exf5 30. Kc3 Kd7 31. b4 Ke6 32. Rd1 h6 33. c5 g5 34. b5 gxf4 35. Bxf4 Bxc5 36. Kc4 Bb6 37. Bxh6 Rh8 38. Bg7 Rh4+ 39. Kc3 Rxh3+ 40. Kb4 Rh4+ 41. Kc3 Ba5+ 42. Kb2 Bb4 43. Rd8 Rh2+ 44. Kb1 Ba3 0-1

[Event "Victoria-ch U20"]
[Site "Box Hill"]
[Date "2004.05.29"]
[Round "5"]
[White "Vijayakumar, Rukman"]
[Black "Martin, Richard"]
[Result "1-0"]
[WhiteElo "1649"]
[BlackElo "1299"]
[PlyCount "43"]
[EventDate "2004.05.22"]
[EventType "swiss"]
[EventRounds "8"]
[EventCountry "AUS"]
[SourceTitle "EXT 2006"]
[Source "ChessBase"]
[SourceDate "2005.11.24"]
[SourceVersion "1"]
[SourceVersionDate "2005.11.24"]
[SourceQuality "1"]

1. d4 g6 2. e4 Bg7 3. Nf3 c5 4. c3 cxd4 5. cxd4 d5 6. exd5 Nf6 7. Bb5+ Bd7 8. Bc4 Bg4 9. Nc3 0-0 10. h3 Bxf3 11. Qxf3 Nbd7 12. 0-0 Nb6 13. Bb3 Qd7 14. Bg5 Ne8 15. Rfe1 Nc7 16. Rxe7 Qd6 17. Ne4 Qd8 18. d6 Ncd5 19. Re5 f6 20. Rxd5 fxg5 21. Rxg5+ Kh8 22. Qd3 1-0

[Event "Victoria-ch U20"]
[Site "Box Hill"]
[Date "2004.05.23"]
[Round "4"]
[White "Martin, Richard"]
[Black "Potter, Matthew"]
[Result "1-0"]
[WhiteElo "1299"]
[BlackElo "1513"]
[PlyCount "81"]
[EventDate "2004.05.22"]
[EventType "swiss"]
[EventRounds "8"]
[EventCountry "AUS"]
[SourceTitle "EXT 2006"]
[Source "ChessBase"]
[SourceDate "2005.11.24"]
[SourceVersion "1"]
[SourceVersionDate "2005.11.24"]
[SourceQuality "1"]

1. e4 e5 2. Nf3 Nf6 3. Nc3 Nc6 4. d4 exd4 5. Nxd4 Bb4 6. Bg5 Bxc3+ 7. bxc3 h6 8. Nxc6 bxc6 9. Bxf6 Qxf6 10. Qd4 Qxd4 11. cxd4 0-0 12. Rb1 d5 13. Bd3 dxe4 14. Bc4 a5 15. Kd2 Ba6 16. Bxa6 Rxa6 17. Rb7 Rc8 18. Rhb1 f5 19. Rb8 Ra8 20. Rxa8 Rxa8 21. Rb7 Ra6 22. Rxc7 Rb6 23. Ra7 Rb4 24. Rxa5 Rxd4+ 25. Kc3 Rd6 26. Rxf5 Re6 27. Kd4 Rd6+ 28. Ke3 Kh7 29. Re5 Kg6 30. Rxe4 Kf6 31. a4 Rd5 32. Rc4 Re5+ 33. Kd3 c5 34. a5 g5 35. a6 Re6 36. Ra4 Re8 37. a7 Ra8 38. Kc4 Ke7 39. Kxc5 Kd7 40. Kb6 Kc8 41. Rc4+ 1-0

[Event "Victoria-ch U20"]
[Site "Box Hill"]
[Date "2004.05.23"]
[Round "3"]
[White "Wallis, Christopher"]
[Black "Martin, Richard"]
[Result "1/2-1/2"]
[WhiteElo "1549"]
[BlackElo "1299"]
[PlyCount "22"]
[EventDate "2004.05.22"]
[EventType "swiss"]
[EventRounds "8"]
[EventCountry "AUS"]
[SourceTitle "EXT 2006"]
[Source "ChessBase"]
[SourceDate "2005.11.24"]
[SourceVersion "1"]
[SourceVersionDate "2005.11.24"]
[SourceQuality "1"]

1. d4 g6 2. e4 Bg7 3. Nc3 c5 4. dxc5 Bxc3+ 5. bxc3 Qa5 6. Qd4 Nf6 7. Bc4 Nc6 8. Qe3 Nxe4 9. Qxe4 Qxc3+ 10. Kd1 Qxa1 11. Nf3 Qf6 1/2-1/2

[Event "AUS-ch op U20"]
[Site "Perth "]
[Date "2004.01.17"]
[Round "5"]
[White "Martin, Richard"]
[Black "Holland, Dennis"]
[Result "0-1"]
[WhiteElo "1237"]
[BlackElo "1531"]
[PlyCount "46"]
[EventDate "2004.01.14"]
[EventType "swiss"]
[EventRounds "11"]
[EventCountry "AUS"]
[SourceTitle "EXT 2006"]
[Source "ChessBase"]
[SourceDate "2005.11.24"]
[SourceVersion "1"]
[SourceVersionDate "2005.11.24"]
[SourceQuality "1"]

1. e4 e5 2. Nf3 Nc6 3. Bb5 a6 4. Bxc6 dxc6 5. Nc3 Bd6 6. d4 Bg4 7. dxe5 Bxf3 8. Qxf3 Bxe5 9. Bf4 Qf6 10. Bxe5 Qxe5 11. Rd1 Nf6 12. 0-0 0-0 13. Qe2 Rfe8 14. Rfe1 Rad8 15. Rxd8 Rxd8 16. Rd1 Rd6 17. g3 g5 18. Re1 h5 19. Qe3 Ng4 20. f4 gxf4 21. Qxf4 Qc5+ 22. Kg2 Rf6 23. Na4 Qxc2+ 0-1

[Event "AUS-ch U18"]
[Site "Adelaide"]
[Date "2003.01.16"]
[Round "5"]
[White "Martin, Richard"]
[Black "Chia, Nicholas"]
[Result "0-1"]
[WhiteElo "1123"]
[BlackElo "1200"]
[PlyCount "86"]
[EventDate "2003.01.??"]
[EventType "swiss"]
[EventRounds "11"]
[EventCountry "AUS"]
[SourceTitle "EXT 2006"]
[Source "ChessBase"]
[SourceDate "2005.11.24"]
[SourceVersion "1"]
[SourceVersionDate "2005.11.24"]
[SourceQuality "1"]

1. e4 c5 2. Nf3 Nc6 3. Bb5 g6 4. Bxc6 bxc6 5. 0-0 Bg7 6. Re1 d6 7. h3 e5 8. c3 Nf6 9. d4 cxd4 10. cxd4 exd4 11. Nxd4 c5 12. Nb5 0-0 13. Qxd6 Qxd6 14. Nxd6 Rd8 15. e5 Ne8 16. Nc3 Nxd6 17. exd6 Rxd6 18. Re8+ Bf8 19. Bh6 Bb7 20. Rae1 Rdd8 21. Rxf8+ Rxf8 22. Bxf8 Kxf8 23. Re5 c4 24. Rc5 Rc8 25. Rb5 Bc6 26. Rc5 Bd7 27. Rxc8+ Bxc8 28. Kf1 Ke7 29. Ke2 Kd6 30. Nb5+ Kc5 31. Nc3 h5 32. Ke3 Bb7 33. Ne4+ Bxe4 34. Kxe4 a5 35. a3 f5+ 36. Ke5 c3 37. bxc3 Kc4 38. Kd6 Kxc3 39. a4 Kb4 40. Kd5 Kxa4 41. Kc4 Ka3 42. Kc3 Ka2 43. Kc2 g5 0-1

[Event "Box Hill op"]
[Site "Box Hill"]
[Date "2001.09.07"]
[Round "1.34"]
[White "Martin, Richard"]
[Black "Schlossberg, Jonathan"]
[Result "0-1"]
[WhiteElo "791"]
[BlackElo "1194"]
[PlyCount "64"]
[EventDate "2001.09.??"]
[EventType "swiss"]
[EventRounds "7"]
[EventCountry "AUS"]
[SourceTitle "EXT 2003"]
[Source "ChessBase"]
[SourceDate "2002.11.25"]
[SourceVersion "1"]
[SourceVersionDate "2002.11.25"]
[SourceQuality "1"]

1. e4 e5 2. Nf3 Nc6 3. Bb5 Bc5 4. d3 Nge7 5. Be3 Bxe3 6. fxe3 d6 7. Nbd2 0-0 8. d4 exd4 9. exd4 Bg4 10. c3 a6 11. Bd3 Qd7 12. Qc2 f5 13. 0-0-0 fxe4 14. Bxe4 Bf5 15. Rhf1 d5 16. Bd3 Bxd3 17. Qxd3 Rae8 18. Ng5 g6 19. Rde1 Rxf1 20. Qxf1 Rf8 21. Qe2 Re8 22. Rf1 Nf5 23. Qf3 Re3 24. Qf2 Qe7 25. h4 h6 26. Ngf3 Re2 27. Qg1 Nxh4 28. Rf2 Nxf3 29. Nxf3 Qe3+ 30. Kd1 Qxf2 31. Qxf2 Rxf2 32. Nh4 Kg7 0-1